000 00426nam a2200181Ia 4500
001 24640
005 20260414151057.0
008 260414t2002||||xx |||||||||||||| ||spa||
041 _aESP
082 _a345.721
_bC17
100 _aCalcaterra, Rubén A.
_eAUT
245 0 _aMediación estratégica
_b
260 _c2002
300 _a361 páginas :
_c22 cm.
650 _aDER
654 _aCDE
942 _cLIB
_dJUS
_fJUS
_2ddc
_n
999 _c24640
_d24640